English Football Premier League Players. Which Country? - Statistics

General Stats
  • This quiz has been taken 63 times
  • The average score is 17 of 20
Answer Stats
Number of Players Country % Correct
1731 England
100%
232 France
100%
81 Italy
100%
163 Spain
100%
151 Netherlands
97%
204 Scotland
97%
114 Brazil
95%
190 Ireland
95%
83 Argentina
92%
79 Germany
92%
87 Portugal
92%
121 Wales
92%
66 Belgium
89%
70 Sweden
87%
79 Denmark
82%
73 Norway
82%
56 USA
76%
66 Northern Ireland
74%
56 Nigeria
45%
54 Jamaica
11%
No matching quizzes found
Score Distribution
Percent of People with Each Score
Percentile by Number Answered
Your Score History
You have not taken this quiz